LEADER 02021nam a2200337 i 4500 001 000000078937 003 CaOOAMICUS 005 20230202142458.0 008 170209s1645 it u000 u ita u 013 $a51174 026 $aeu- i-34 teni citr (3) 1645 (R) 040 $aSeMil$bita 100 1 $aGiovio, Paolo,$d<1483-1552>.$0(OLS)http://semarc/name/8388 240 10$aVitae duodecim Vicecomitum Mediolani principum.$0(OLS)http://semarc/title/403045 245 13$aLe vite de i dodeci Visconti che signoreggiarono Milano. Descritte da monsignor Paolo Giouio vescovo di Nocera tradotte da Lodovico Domenichi. 250 $aEt in quest'ultima impressione accresciute de gl'Argomenti à ciascuna d'esse vite, con le annotationi nel margine, & Tavola copiosissima ... 260 $aIn Milano :$bIn Casa di Gio. Battista Bidelli,$c1645. 300 $a[20], 132 p. :$b14 carte di tav. :$britr. calcogr. ;$c4º. 500 $aSegn.: [?]4 2?6 A-Q4 R2 500 $aPrecede il front. tipogr. front. calcogr. 500 $aRitratto del dedicatario sul v. del front.; nel testo 13 ritr. numerati; l'ultimo, il 12, duplicato 500 $aIl ritratto del dedicatario e il front. calcogr. incisi da Giovanni Paolo Bianchi 650 4$aVisconti - Biografie.$0(OLS)http://semarc/subject/33146 700 1 $aDomenichi, Ludovico <1515-1564>.$0(OLS)http://semarc/name/11911 700 1 $aBianchi, Giovanni Paolo .$0(OLS)http://semarc/name/82784 700 1 $aBidelli, Giovanni Battista$b<1,$cEditore,$d1610-1654>.$0(OLS)http://semarc/name/11300 850 $aSeMil 852 $aSeMil$W1$xVenegono$y1$m3O V 11 FA$j44729$B44729$CSeMilBibl$Z2$F46533 $8I 996 $6245$aLe vite de i dodeci Visconti che signoreggiarono Milano. Descritte da monsignor Paolo Giouio vescovo di Nocera tradotte da Lodovico Domenichi$9(OLS)http://semarc/title/403044 996 $6260$aIn Milano :$bIn Casa di Gio. Battista Bidelli$9(OLS)http://semarc/publisher/56396 LEADER 01061nam a2200217 i 4500 001 000000093758 003 CaOOAMICUS 005 20080219000000.0 008 080219s1995 it u000 u ita u 013 $a66000 040 $aSeMil$bita 245 10$aGiulia Vismara :$b1843-1924 : Madre Superiora della "Compagnia di S. Orsola, Figlie di S. Angela Merici" di Milano. 260 $aMilano :$bCompagnia di S. Orsola, Figlie di S. Angela Merici,$c1995. 300 $a53 p. :$bill. ;$c21 cm. 500 $aA piè del front. : Festa del Suo ritorno a Casa Betania. 600 14$aVismara, Giulia .$0(OLS)http://semarc/subject/16797 850 $aSeMil 852 $aSeMil$W1$xVenegono$y1$m5D V 17/21$j55961$B55961$CSeMilBibl$Z2$F61359 $81 961 $aRecupero: Altro 996 $6245$aGiulia Vismara :$b1843-1924 : Madre Superiora della "Compagnia di S. Orsola, Figlie di S. Angela Merici" di Milano$9(OLS)http://semarc/title/139262 996 $6260$aMilano :$bCompagnia di S. Orsola, Figlie di S. Angela Merici$9(OLS)http://semarc/publisher/44016